Quizzes
Events
Quiz Creation
Community
Videos
Private Events
Remove Ads
Sign In
Join for FREE
Feedback
Dark Mode
Quiz Categories
Sports
Geography
Music
Movies
Television
Just For Fun
Miscellaneous
History
Literature
Language
Science
Gaming
Entertainment
Religion
Holiday
For Kids
Quiz Lab
Recent
Popular Today
Quiz Kudos Today
Editor Picks
Curator Picks
Quizzes by...
Day
Popularity
Type
Ratings
Length
Year
Community
Subscriptions
Recent Discussions
Orange Saloon
Badges
Playlists
Quests
Create
Leaderboards
Showdown
Live 5
Trivia Bingo
Activity
Puzzle Library
Sporcle Events
Private Events
Virtual Trivia
Globe League
Become a Host
Pub Owners
SporcleCon
Opinionation
Our Games
Videos
Blog
Mobile Apps
Partnerships
Remove Ads and Go Orange
Feedback
Language
Vocabulary
Begins and Ends
Definition
Spanish
French
German
Italian
Chinese
Latin
Translation
Japanese
Language
Vocabulary
Begins and Ends
Definition
Spanish
French
German
Italian
Chinese
Latin
Translation
Japanese
Random Quiz
Search Sporcle
×
Quiz Lab
Quiz Lab
Language
Vocabulary
Type in answers that appear in a list
Type in answers that appear in a list
Classic
Best Score? Go Orange.
English Vocab List 8 Stats
Can you name the English Vocab List 8?
By
rorschach19
5m
10 Questions
29 Plays
29 Plays
29 Plays
Comments
Comments
Give Quiz Kudos
Give Quiz Kudos
-
- Ratings
hide this ad
Replay
Link that replays current quiz
Next Quiz
Link to next quiz in quiz playlist
You Got
0%
They Got
Avg Score
84%
Avg Friend Score
Upgrade to see
Score Distribution
Jump to the score distribution portion of the page
Score
0/10
Timer
05:00
0
Plays Today
Synonym
Vocab. Word
% Correct
Postpone
Procrastinate
100%
Disturbing
Provocative
89.7%
Bitter
Rancorous
86.2%
Irritable
Querulous
82.8%
Wealth
Prosperity
82.8%
Commonplace
Prosaic
82.8%
Cautious
Prudent
82.8%
Withdrawn
Reclusive
79.3%
Agreement
Reconciliation
79.3%
Repair
Renovation
79.3%
Quiz Playlist
Details
Report
Send in Message
Add To Playlist
Classic:
Type in answers that appear in a list
Last Updated: Feb 16, 2017
Quiz Scoreboard
CHALLENGE
Sign Up to Join the Scoreboard
Show All
Scores
Hide
Comments
May contain spoilers
Recently Published
Popular People in 1961
by mucciniale
History
6m
1-10 Letter E Words III
by El_Dandy
Language
2m
One Thing in Common: World Cities II
by knightlancer
Geography
7m
More to Explore
Quiz From the Vault
Featured Blog Post
Where Did the Easter Bunny Come From?
hide this ad
You Might Also Like...
Tags
Vocabulary Quiz
English
Today's Top Quizzes in Language
Browse Language
hide this ad
Today's Top Quizzes in Vocabulary
Browse Vocabulary
Top Contributed Quizzes in Language
1
Order Up: Top 10 Most Native Spoken Languages
2
1-10 Letter F Words III
3
1-10 Letter G Words III
4
Hiragana Speed Reading
5
1-10 Letter H Words III
6
Vocabulary 5
7
One Thing in Common: Italy
8
1-10 Letter I Words III
9
Begins and Ends With AN
10
1-10 Letter J Words III
Explore More
Trending Topics
Disney
NBA
Anime
Marvel
Crossword
Kpop
Harry Potter
The Office
Country
Soccer
NFL
WWE
Pokémon
Puzzle
Song
hide this ad
More By:
rorschach19
Quiz
Plays
Rating
Category
Featured
Created
English Vocab List 8
29
Language
Mar 17, 2013
Go to Creator's Profile
Score Distribution
Quiz Creator Spotlight
rorschach19
Follow
Send a Message
Quizzes Created
-
Created Quiz Play Count
-
More By This Creator
Popular Quizzes Today
1
Find the US States - No Outlines Minefield
2
The Countries of the World
3
Popular People in 1961
4
Find the Countries of Europe - No Outlines Minefield
5
1-10 Letter E Words III
6
Find the US States
7
One Thing in Common: World Cities II
8
US States
More Language Quizzes
'C___R' Picture Click
Quiz Lab
Trending Quizzes
Country Music Stars Doing Things
Get the Picture: Carrie or Dolly
1-10 Letter F Words
1-10 Letter G Words
Risky Map Clicking: Next State Alphabetically
Recently Updated
Leaping Animals
pecheneg
Reality TV Shows (A-Z)
bhenderson79
Rickey Henderson's Hall of Fame Teammates
pecheneg
Champions League XIs: Arsenal
pecheneg
Quick Pick: Celebrities in WWE's Hall of Fame
aduchscher
A-Z Keypad Blitz II
pecheneg
Multiple Oscar Actors
pecheneg
Mystery Phrase Blitz: Oscar 'Best Actors'
pecheneg
F. Scott Fitzgerald Novels
LTH
Pick 3 Villains
ddd62291
Trending Topics
Crossword
Disney
NBA
Marvel
Anime
Kpop
Harry Potter
Soccer
Song
Country
Puzzle
Pokémon
The Office
NFL
WWE
Your Account Isn't Verified!
In order to create a playlist on Sporcle, you need to verify the email address you used during registration. Go to your
Sporcle Settings
to finish the process.
Report this User
Report this user for behavior that violates our
Community Guidelines
.
Details:
Send Report
Go to the Sporcle.com Mobile Site →
Comments